00591nam a2200169 a 450000100100000000500170001000800410002704000250006810000280009324500440012126000610016530000270022649000190025383000260027295201060029899900170040400003905020201002031456.0130516s1994 xxua 000 0 spa d aDO-SdBNPbspacBNPHU1 aChaij, Enríque96435510aMaravillas de la fe /cEnríque Chaij. aMiami :bAsociacíon Publicadora Interamérica,c1994. a83 p. :bil. ;c17 cm.1 aVida Abundante 0aVida Abundante965288 0010507-18MOaPDbPDcOId2013-05-16iLF1l0o p39050-10r2020-06-25w2020-06-25y1ZNo se presta c38540d38540